02142nam a2200301 4500001000400000003000400004005001700008008004100025020001500066040000800081041001300089082001500102100002700117240001700144245011900161260003500280300001100315520130500326650002501631650001501656650001601671650002001687650001501707655001201722655001601734700004701750700004301797200OSt20250528074014.0250203b |||||||e |||| 00| 1 eng d a8599296078 bpor hengapor a813bD537t1 aDiamant, Anita,d1951- aThe red tent aA tenda vermelha /cDiamant, Anita ; Tradução de Maria Luiza Newlands Silveira e Marcia Claudia Reynaldo Alves aRio de JaneirobSextantec2006 a297 p. aNa Bíblia, as mulheres ocupam um lugar à sombra, por isso ficamos privados de sua sensibilidade na descrição dos acontecimentos. Numa narrativa envolvente, Anita Diamant resgata esse olhar feminino e dá vida às personagens bíblicas, recriando o ambiente em que viveram, seu cotidiano, suas provações e suas paixões. Filha de Jacó e Lia, Dinah - cuja trajetória é apenas sugerida no Livro do Gênese - é a figura central desta trama, que começa com a história das quatro esposas de Jacó, a quem ela chama de "mães": Lia, Raquel, Zilpah e Bilah. O amor delas e o legado que lhe transmitem servem de apoio durante a fase de trabalho duro da juventude, no ofício de parteira e na vida nova em uma terra estrangeira. À medida que cresce, Dinah observa tudo o que se passa no deserto: as conquistas, a rivalidade entre os irmãos, a sensualidade intuída, a aspereza do relacionamento entre os homens, a complexidade dos sentimentos das mulheres, a construção de um povo descrita a partir da saga de um núcleo familiar. De espectadora, ela passa a protagonista, e são seus amores, medos, descobertas e perdas que vão sendo narrados no cenário mais amplo de um mundo bíblico de caravanas, pastores, agricultores, príncipes, escravos e artesãos. 0aLiteratura Americana 0aReligião 0aHistórico 0aEmponderamento  0aPolêmica 0aRomance 0aFicção  aMaria Luiza Newlands da SilveiraeTradutor aMaria Claudia Reynaldo AlveseTradutor